000 00898nam a2200265Ia 4500
999 _c346651
_d346651
001 270.008-MET ol li (22898)
003 IT-MiSPE
005 20180505164413.0
008 171229s9999||||xx |||||||||||||| ||und||
040 _aIT-MiSPE
_cIT-MiSPE
041 _aITALIANO
999 _bNO
100 _aMetodio di Olimpo (Méthode d'Olympe)
_957001
240 _aDe libero arbitrio - Perì toû autexousíou
245 0 _aIl libero arbitrio
250 _a1a ed. (v)
260 _aMilano
_bPaoline
_c2015
300 _a446 p.
_c20,5 cm
490 _aLetture cristiane del primo millennio
_v53
501 _aEdizioni San Paolo srl - Piazza Soncino, 5 - 20092 CINISELLO BALSAMO (MI) (non commercial uses only) ® Copyright 2018
520 _aEd. bilingue (testo originale a fronte)
700 _aRoberta Franchi
_957002
700 _aRoberta Franchi
_g(traduzione)
_957003
942 _cBK
_2ddc